MARC details
| 000 -CABECERA |
| campo de control de longitud fija |
02776nam a2200229 i 4500 |
| 001 - NÚMERO DE CONTROL |
| campo de control |
991107444498606196 |
| 005 - FECHA Y HORA DE LA ÚLTIMA TRANSACCIÓN |
| campo de control |
20250827135410.0 |
| 008 - DATOS DE LONGITUD FIJA--INFORMACIÓN GENERAL |
| campo de control de longitud fija |
241112e202410 sp 000 f spa d |
| 020 ## - NÚMERO INTERNACIONAL ESTÁNDAR DEL LIBRO |
| Número Internacional Estándar del Libro |
9788439743484 |
| Información calificativa |
(paperback) |
| 035 ## - NÚMERO DE CONTROL DEL SISTEMA |
| Número de control de sistema |
(OCoLC)1468057967 |
| 040 ## - FUENTE DE LA CATALOGACIÓN |
| Centro catalogador/agencia de origen |
SP-BaPL |
| Lengua de catalogación |
eng |
| Centro/agencia transcriptor |
SP-BaPL |
| Normas de descripción |
rda |
| 041 ## - CÓDIGO DE LENGUA |
| Código de lengua del texto/banda sonora o título independiente |
Spanish |
| 050 14 - SIGNATURA TOPOGRÁFICA DE LA BIBLIOTECA DEL CONGRESO |
| Número de clasificación |
PQ8498.433.I36 |
| Número de documento/Ítem |
A92 2024 |
| 100 ## - ENTRADA PRINCIPAL--NOMBRE DE PERSONA |
| Nombre de persona |
Wiener, Gabriela, |
| Fechas asociadas al nombre |
1975- |
| Término indicativo de función/relación |
author. |
| 245 10 - MENCIÓN DE TÍTULO |
| Título |
Atusparia |
| Mención de responsabilidad, etc. |
/ Gabriela Wiener. |
| 250 ## - MENCIÓN DE EDICIÓN |
| Mención de edición |
First edition |
| 264 #1 - PRODUCCIÓN, PUBLICACIÓN, DISTRIBUCIÓN, FABRICACIÓN Y COPYRIGHT |
| Producción, publicación, distribución, fabricación y copyright |
Barcelona : |
| Nombre del de productor, editor, distribuidor, fabricante |
Random House, |
| Fecha de producción, publicación, distribución, fabricación o copyright |
octubre de 2024. |
| 300 ## - DESCRIPCIÓN FÍSICA |
| Extensión |
237 pages ; |
| Dimensiones |
23 cm |
| 520 ## - SUMARIO, ETC. |
| Sumario, etc. |
Una política de izquierda, víctima del lawfare, cumple condena en una prisión de máxima seguridad en lo más profundo de la selva amazónica. Se hace llamar Atusparia, como el líder indígena que encabezó la resistencia en el Perú del siglo XIX y como el delirante colegio comunista donde estudió en los últimos estertores de la Guerra Fría.<br/><br/>El amor en tiempos del capitalismo la arrastra a una espiral de drogas y desenfreno sexual que la aparta de los ideales de su juventud, hasta que el llamado de sus raíces la conduce a un viaje iniciático a orillas del lago Titicaca, donde se mimetiza con el héroe revolucionario de su infancia.<br/><br/>No existen precedentes claros para esta nueva novela de Gabriela Wiener. Atusparia es radical y exquisita; satírica, autoficcional y ligeramente futurista. A medio camino entre el realismo social y la fantasía poética, Wiener da un salto magistral en su literatura y nos entrega su «gran novela rusa» postindigenista: un relato en el que las jerarquías y las luchas de poder terminan por desgarrar a los propios movimientos emancipadores. |
| 520 ## - SUMARIO, ETC. |
| Sumario, etc. |
A left-wing politician, victim of lawfare, serves her sentence in a maximum-security prison deep in the Amazon jungle. She calls herself Atusparia, after the nineteenth-century Peruvian indigenous leader who spearheaded the resistance, and after the delirious communist school where she studied in the dying days of the Cold War.<br/><br/>Love in the age of capitalism drags her into a spiral of drugs and frenetic sexuality that pulls her away from the ideals of her youth, until the call of her roots leads her on an initiatory journey to the shores of Lake Titicaca, where she merges with the revolutionary hero of her childhood.<br/><br/>There are no clear precedents for this new novel by Gabriela Wiener. Atusparia is radical and exquisite; satirical, autofictional, and slightly futuristic. Straddling social realism and poetic fantasy, Wiener makes a masterful leap in her writing and offers us her post-indigenist “great Russian novel”: a story in which hierarchies and struggles for power ultimately tear apart the very movements of emancipation. |
| 942 ## - ELEMENTOS DE ENTRADA AGREGADA (KOHA) |
| Fuente del sistema de clasificación o colocación |
Clasificación de Library of Congress |